| 000 | 00775cam a22002531 04500 | ||
|---|---|---|---|
| 001 | 3738 | ||
| 003 | http://id.bnportugal.gov.pt/bib/porbase/275379 | ||
| 005 | 20200425174858.0 | ||
| 035 | _a(bn)275379 | ||
| 090 | _a3738 | ||
| 100 | _a19920513d1972 m y0pory5003 ba | ||
| 101 | 1 | _cger | |
| 200 | 1 |
_aSombras no paraíso _fErich-Maria Remarque _gtrad. Maria Emília Ferros Moura |
|
| 210 |
_aLisboa _cLivros do Brasil, _d[D.L. 1972] |
||
| 215 |
_a422, [2] p. _d22 cm |
||
| 225 | 2 |
_aDois mundos _v112 |
|
| 304 | _aTít. orig.: Schatten in Paradies | ||
| 600 | _aErich-Maria Remarque | ||
| 601 | _aLivros do Brasil, | ||
| 675 |
_a821.112.2-31"19" _vBN _zpor |
||
| 700 | 1 |
_aRemarque, _bErich-Maria, _cpseud. |
|
| 702 | 1 |
_aMoura, _bMaria Emília Ferros _4730 |
|
| 801 | 0 |
_aPT _bBN _gRPC |
|
| 942 | _cBK | ||